000 00631nam a2200181 4500
001 139630
003 ES-MaACL
005 20230906195847.0
007 t|
008 070214n19001980sp r ||||1| spa d
100 1 _aScherbatoff, Marina Konstantinovna.
_9104307
245 1 0 _aMarina Polvay's best international recipes /
_cMarina Konstantinovna Scherbatoff ; photographs by Mel Victor ; arranged... by Ilse Hannau.
260 _aBarcelona :
_bArgos,
_c[19__?]
300 _a176 p., 16 lám. col. :
_bil. ;
_c19 cm.
700 1 _aVictor, Mel.
_9114389
700 1 _aHannau, Ilse.
_961735
852 _aES-MaACL
_jC-50150
_bR.82704
999 _c139630
_d139630